Ekonomický vývoj krajín strednej Európy desať rokov po ich vstupe do EÚ

Deskriptívny pohľad na vývoj krajín strednej Európy od ich vstupu do EÚ - pokrok v oblasti zvýšenia ekonomickej sily, ekonomickej výkonnosti, otvorenosti ekonomiky a ďalších parametrov.

Salvato in:
Dettagli Bibliografici
Autore principale: Fifeková, Elena
Natura: Capitolo di libro
Lingua:slovacco
Soggetti:
Tags: Aggiungi Tag
Nessun Tag, puoi essere il primo ad aggiungerne!!

MARC

LEADER 00000nla a2200000 4500
001 0193197
005 20240502083448.4
041 0 |a slo 
044 |a CZ 
245 1 0 |a Ekonomický vývoj krajín strednej Európy desať rokov po ich vstupe do EÚ  |c Elena Fifeková 
520 |a Deskriptívny pohľad na vývoj krajín strednej Európy od ich vstupu do EÚ - pokrok v oblasti zvýšenia ekonomickej sily, ekonomickej výkonnosti, otvorenosti ekonomiky a ďalších parametrov. 
610 2 0 |a Európska únia 
610 2 0 |a stredná Európa 
610 2 0 |a rast hospodársky 
610 2 0 |a situácia hospodárska 
610 2 0 |a konkurencia 
610 2 0 |a spolupráca medzinárodná 
100 1 |a Fifeková, Elena